| 000 | 01012nam a2200241 i 4500 | ||
|---|---|---|---|
| 001 | 77638 | ||
| 003 | ES-MaACL | ||
| 005 | 20250422131348.0 | ||
| 007 | t| | ||
| 008 | 041028s1846 sp ||||1| spa d | ||
| 080 | _a061.21(460.27) Ateneo | ||
| 110 | 2 |
_aAteneo de Madrid. _91875 |
|
| 245 | 1 | 0 |
_aMemoria leída en el Ateneo Científico y Literario de Madrid, en la Junta General de 30 de diciembre de 1845 / _cpor el secretario segundo Don José Joaquín Mateos. |
| 260 |
_aMadrid : _b[s.n.], _c1846 ( _fImp. del Colegio de Sordo-Mudos y Ciegos) |
||
| 300 |
_a20 p. ; _c23 cm. |
||
| 610 | 2 | 4 |
_aAteneo de Madrid- _vMemorias de Secretaría. _91929 |
| 610 | 2 | 4 |
_aAteneo de Madrid- _vObras digitalizadas. _91930 |
| 700 | 1 |
_aMateos, José Joaquín. _978978 |
|
| 852 | 4 |
_aES-MaACL _j2184-F-12 _zRevisado enlace: 22 de Abril de 2025 _cDEPOF _q Ejemplar fotocopiado |
|
| 856 | 4 |
_uhttp://www.ateneodemadrid.net/biblioteca_digital/folletos/Memoria-1845.pdf _yVer documento |
|
| 942 | _2udc | ||
| 999 |
_c77638 _d77638 |
||